Ecolabelling, life cycle assessment, ecodesign and green marketing

Gespeichert in:
Bibliographische Detailangaben
1. Verfasser: Rusko, Miroslav
Weitere Verfasser: Korauš, Antonín
Format: Buchkapitel
Sprache:Englisch
Tags: Tag hinzufügen
Keine Tags, Fügen Sie das erste Tag hinzu!

MARC

LEADER 00000nla$a2200000$$$4500
001 0117871
005 20240502072322.2
041 0 |a eng 
044 |a SK 
245 1 0 |a Ecolabelling, life cycle assessment, ecodesign and green marketing  |c Miroslav Rusko, Anton Korauš 
100 1 |a Rusko, Miroslav 
700 1 |a Korauš, Antonín